000 00524nam a2200169 i 4500
001 134090
003 ES-MaACL
005 20230906194610.0
007 t|
008 070905s1966 sp ||||1| spa d
100 1 _aWartburg, Walter von.
_9116136
245 1 0 _aEvolución y estructura de la lengua francesa /
_cWalter von Wartburg ; versión española de Carmen Chust.
260 _aMadrid :
_bGredos,
_c[1966]
300 _a350 p. ;
_c20 cm.
700 1 _aChust, Carmen.
_938720
852 _aES-MaACL
_jC-30992
_bR.61374
999 _c134090
_d134090